000 00413cam a22001455i 4500
999 _c7789
_d7789
003 OSt
005 20200521124157.0
008 160831s2016 gw 000 0 eng
020 _a9783035610246
082 _a721MIN
245 0 0 _aBuilding with Bamboo :
_bDesign and Technology of a Sustainable Architecture /
_cGernot Minke.
250 _aSecond and revised edition.
300 _a150 pages ;
_c29 cm.
942 _2ddc